000 00425nam a2200157Ia 4500
003 OSt
005 20230526152812.0
008 211028s2016 xx 000 0 und d
040 _cAIMIT LIBRARY
041 _aeng
100 _aGonsalves, Noel; D'Souza, Mithun.
_98626
_e141906
110 _aMithun D'Souza
_98627
245 _aAPIs for REACH: a retailer ordering platform.
260 _aMangalore
_c2016
942 _2ddc
_cPRO
999 _c219982
_d219982